| 000 | 00377 a2200145 4500 | ||
|---|---|---|---|
| 001 | 155211 | ||
| 040 | _cEscola São Tomás de Aquino | ||
| 100 | _aCORRÊA, M. Pio | ||
| 240 | 1 | 0 |
_aDicionário das plantas úteis do Brasil _lpor |
| 245 | 1 | 0 | _aDicionário das plantas úteis do Brasil |
| 362 | 0 | _a1984 | |
| 440 | 1 | _aImprensa Nacional | |
| 697 | _aGENERALIDADES | ||
| 942 | _cBK | ||
| 999 |
_c155211 _d155211 |
||